=LDR 00000nam 2200000 4500 =001 INLIS000000000038644 =005 20130612144317 =008 ***********************************Ind** =035 ##$$0010-061300000038644 =041 ##$$a Ind =082 ##$$a 641.1 =090 ##$$a 641.1, Har s =100 ##$$a Hariyadi, Purwiyatno =245 ##$$a Smart eating nutritions and delicious, Purwiyatno Hariyadi; Editor, Elvira Syamsir, Hendry Nur F =300 ##$$a 145 hlm, Ilus, 17 cm =650 ##$$a Gizi Makanan =700 ##$$a Syamsir, Elvira =850 ##$$a NBPNMAT